<?xml version="1.0" encoding="UTF-8"?><?xml-stylesheet type="text/xsl" href="static/style.xsl"?><OAI-PMH xmlns="http://www.openarchives.org/OAI/2.0/" xmlns:xsi="http://www.w3.org/2001/XMLSchema-instance" xsi:schemaLocation="http://www.openarchives.org/OAI/2.0/ http://www.openarchives.org/OAI/2.0/OAI-PMH.xsd"><responseDate>2026-04-27T19:58:23Z</responseDate><request verb="GetRecord" identifier="oai:uvadoc.uva.es:10324/43366" metadataPrefix="marc">https://uvadoc.uva.es/oai/request</request><GetRecord><record><header><identifier>oai:uvadoc.uva.es:10324/43366</identifier><datestamp>2021-06-30T03:50:19Z</datestamp><setSpec>com_10324_38</setSpec><setSpec>col_10324_852</setSpec></header><metadata><record xmlns="http://www.loc.gov/MARC21/slim" xmlns:doc="http://www.lyncode.com/xoai" xmlns:xsi="http://www.w3.org/2001/XMLSchema-instance" xmlns:dcterms="http://purl.org/dc/terms/" xsi:schemaLocation="http://www.loc.gov/MARC21/slim http://www.loc.gov/standards/marcxml/schema/MARC21slim.xsd">
<leader>00925njm 22002777a 4500</leader>
<datafield tag="042" ind1=" " ind2=" ">
<subfield code="a">dc</subfield>
</datafield>
<datafield tag="720" ind1=" " ind2=" ">
<subfield code="a">Blázquez Hernández, María</subfield>
<subfield code="e">author</subfield>
</datafield>
<datafield tag="260" ind1=" " ind2=" ">
<subfield code="c">2019</subfield>
</datafield>
<datafield tag="520" ind1=" " ind2=" ">
<subfield code="a">En este trabajo, se estudia la dependencia de forma abstracta a través de los matroides, centrándose más en la intersección de dos matroides. En primer lugar, se empieza con una introducción sobre el concepto de matroide. A continuación, se trata el tema central del trabajo, que es encontrar un conjunto independiente de máxima cardinalidad común a dos matroides, así como un conjunto independiente de máximo peso común a dos matroides, respecto a una función de coste. Primero, se estudia la búsqueda de un conjunto independiente de máximo peso respecto a una función de coste en un matroide, lo cual se lleva a cabo a través del algoritmo voraz. Después se introduce una relación entre matroides y politopos que permite obtener resultados importantes en la intersección de dos matroides. También se incluye un algoritmo a través del cual se obtiene tal conjunto deseado común a dos matroides. Por último, se añaden algunas aplicaciones de intersección de dos matroides y se expone un poco la intersección de más matroides.</subfield>
</datafield>
<datafield tag="024" ind2=" " ind1="8">
<subfield code="a">http://uvadoc.uva.es/handle/10324/43366</subfield>
</datafield>
<datafield tag="245" ind1="0" ind2="0">
<subfield code="a">El problema de la intersección de matroides</subfield>
</datafield>
</record></metadata></record></GetRecord></OAI-PMH>